000 00408cam a22001217a 4500
008 180718b1960 xxu||||| |||| 00| 0 eng d
082 _aQx54 In2m
100 _aMadan, T. N.
245 _aMemorandum on social dynamics and social welfare
_cby T. N. Madan
260 _aLucknow
_bDepartment of Anthropology
_c1960
300 _a53p
700 _aIndia. Uttar Pradesh.Planning Commission Research Programs Committee
999 _c495043
_d495043